000 00726cab a22001935a 4500
001 L149929
008 100518e20100424xxk 000 0 eng d
035 _a(Sirsi) u149929
041 0 _aeng
100 1 _aFetherstonhaugh, Guy
245 0 0 _aGoing back to the future could be a valuable exercise
260 _c2010
490 _aEstates Gazette
_v(1016) 24 April 2010, 104 (1)
520 _aIn valuation disputes a valuation may take into account events that occur after the valuation date. The question also arises with rent reviews and concerns the effect on value of any type of occurrence such as market crashes.
590 _aKA
651 4 _aEngland and Wales
_y1543-
690 _aVALUATION DISPUTES
942 _n0
999 _c82334
_d82334